000 00981nam a2200241 4500
999 _c6408
_d6408
005 20200317121816.0
008 200129b 1977ag ||||f |||| 00| 0 eng d
040 _aCO-JMCR
_cCO-JMCR
041 0 _aspa
082 0 4 _a346.72 /
_bO775d
100 1 _aOrtiz-Urquidi, Raúl,
_eautor
_968
245 1 0 _aDerecho civil :
_bparte general /
_cRaúl Ortiz-Urquidi ; prólogo del Dr. Roberto L. Mantilla Molina
250 _aPrimera edición
260 _aMéxico :
_bEditorial Porrúa,
_c1977
300 _a627 páginas ;
_c24 cm.
500 _aIncluye datos biográficos del autor.
500 _aIncluye bibliografía: Páginas 595-604
505 0 _aUbicación del civil dentro del sistema del Derecho en general -- Teoría y técnica de aplicación de la ley -- Teoría general del negocio jurídico
650 1 4 _91370
650 1 4 _91371
700 1 _aMantilla Molina, Roberto L.,
_91372